00585nam a22001817a 450000500170000001000150001702000270003203500140005903700090007308200130008210000190009524500840011425000060019826000630020427000840026730000200035170000320037120240731115233.0 aENG-140853 c1050.00a9789355329059 aEN-124385 bDBAD a332.1068 aROSE, PETER S. aBank Management & Financial Services/cBy Peter S. Rose [and] Sylvia C. Hudgins a1 aChennaibMc Graw Hill Education ( India) Pvt Limitedc2010 bChennaiaAnjana Complex, no:5/90A, Butt Road, St Thomas Mount, Chennaie6000016 a734vpp.c26(pb) aHudgins, Sylvia C. eAuthor